Women's situation in Afghanistan: compilation = La situation des femmes en Afghanistan: compilation (Record no. 1314)

MARC details
000 -LEADER
fixed length control field 004670000a22001330004500
008 - FIXED-LENGTH DATA ELEMENTS--GENERAL INFORMATION
fixed length control field 230817t ||||| |||| 00| 0 eng d
082 ## - DEWEY DECIMAL CLASSIFICATION NUMBER
Classification number 305.49
Item number WOM
942 ## - ADDED ENTRY ELEMENTS (KOHA)
Item Type Reports
110 ## - MAIN ENTRY--CORPORATE NAME
Corporate Name Women living under Muslim laws
245 ## - TITLE STATEMENT
Title Women's situation in Afghanistan: compilation = La situation des femmes en Afghanistan: compilation
260 ## - PUBLICATION, DISTRIBUTION, ETC. (IMPRINT)
Place of Publication Grables:
Name of Publisher Women living under Muslim laws,
Date of Copyright 1998
300 ## - PHYSICAL DESCRIPTION
Extent viii., 232 p.
Physical Details Bibliography included
650 ## - SUBJECT ADDED ENTRY--TOPICAL TERM
Topical Term WOMEN-Afghanistan
Holdings
Withdrawn status Lost status Damaged status Not for loan Permanent location Current location Date acquired Total Checkouts Full call number Barcode Date last seen Price effective from Koha item type Source of classification or shelving scheme
        Resource center, Muslim Women's Research And Action Forum Resource center, Muslim Women's Research And Action Forum 2023-08-17   305.49 WOM RAF3750 2023-08-17 2023-08-17 Reports  
        Resource center, Muslim Women's Research And Action Forum Resource center, Muslim Women's Research And Action Forum 2024-02-29   305.49 WOM RAF3861 2024-02-29 2024-02-29 Reports Dewey Decimal Classification
        Resource center, Muslim Women's Research And Action Forum Resource center, Muslim Women's Research And Action Forum 2024-02-29   305.49 WOM RAF5144 2024-02-29 2024-02-29 Reports Dewey Decimal Classification

Copyright © 2023 Muslim Women's Research and Action Forum (MWRAF), No 27/3, Anderson Road, Kalubowila, Dehiwela. Funded by The Asia Fundation